[Event "Stay Safe Play From Home 299"]
[Site "Emanuel Lasker Arena"]
[Date "2020.07.13"]
[Round "7"]
[White "Haxhi Baha"]
[Black "Bardellosport"]
[Result "0-1"]
[WhiteElo "2006"]
[BlackElo "2063"]
[Annotator "TA"]
[PlyCount "96"]
[EventDate "2020.07.13"]
[EventType "swiss (blitz)"]

{[%evp 9,95,36,57,24,61,52,105,91,99,35,52,6,37,0,22,23,8,-25,-12,-146,-143,-168,-83,-94,-108,-92,-92,-148,-69,-113,-91,-86,-15,-112,79,49,41,67,70,-741,61,55,144,105,141,130,677,665,5861,5781,29986,29987,29991,1054,1003,984,29978,29979,29979,29979,29982,29980,29983,29978,29982,29983,29984,29983,7439,-239,-154,-505,-502,-419,-187,-826,29992,29993,29994,-1283,-268,-410,29994,-212,0,-29998,-29999,-29999]} 1. e4 d6 2. d4 g6 3. Nc3 Bg7 4. Be3 c6 5. Nf3 Nd7 6. Bd3 {B06: Modern Defence.} e6 7. Qd2 Ne7 {[#]} (7... Ngf6 $14) 8. h3 $146 {White is better.} ({Predecessor:} 8. O-O O-O 9. Bh6 f5 10. Rfe1 Nf6 11. Bxg7 Kxg7 12. e5 Nfd5 13. exd6 Qxd6 14. Ne2 {1-0 (31) Weiss,L (1906)-Tittarelli,A (1054) LSS email 2012}) 8... h6 9. g4 (9. O-O $16) 9... b5 10. a3 a5 11. h4 Ba6 12. Ne2 Qc7 13. h5 g5 14. e5 (14. Ng3 $1 $11 {was the only way to keep the balance.}) 14... dxe5 $17 15. dxe5 Nxe5 (15... Nd5 $19 {is more deadly.} 16. O-O-O O-O-O) 16. Nxe5 Bxe5 17. O-O-O {[#]} b4 $1 {[%mdl 512]} 18. a4 (18. Bxa6 $142 Rxa6 19. Bc5) (18. axb4 Bxd3) 18... b3 (18... Rd8 $17 19. f4 gxf4 20. Nxf4 Bg7) 19. c3 Bxd3 20. Qxd3 Nd5 (20... O-O $1 $17) 21. Bd4 (21. Bc5 $11 {remains equal.}) 21... O-O-O $2 (21... O-O $17 {White must now prevent ...Bf4+.} 22. Bc5 Rfd8) 22. Bxe5 Qxe5 23. Qa6+ Kb8 24. Qxc6 $2 {[%mdl 8192]} (24. Nd4 $14 Rd6 25. Nxc6+ {[%mdl 64] Double Attack} Kc7 26. Nxe5 Rxa6 27. Rd4 (27. Nxf7 Rf8 $14)) 24... Qc7 $2 (24... Qxe2 $19 {[%csl Gb3][%cal Re2c2]} 25. Qb5+ Qxb5 26. axb5 Nf4) 25. Qb5+ $14 Kc8 (25... Ka8 $1 $14) 26. Nd4 Rd6 27. Kb1 (27. Nxb3 $2 Rb6 $17) 27... e5 $2 {[%mdl 8192]} (27... Rb6 $16 28. Qxa5 Kb8) 28. Nf5 $18 Rc6 29. Rxd5 {White threatens Ne7+! and mate.} Re8 30. Rhd1 e4 {[#]} 31. Qxa5 (31. Rd6 $142 $1 Rc5 32. Qxe8+ {[%mdl 64] Double Attack} Kb7 33. Rd7 $1 {[%mdl 512]} f6 34. Rxc7+ Rxc7 35. Qb5+ $1 {[%mdl 576] Double Attack} Ka7 36. Rd8 Rxc3 37. bxc3 e3 38. Rd7+ Ka8 39. Qb7#) 31... Qxa5 32. Rxa5 Kb7 33. Nd6+ Rxd6 34. Rxd6 Kc7 35. Rda6 Kb7 36. Rf6 Re7 37. Rb5+ Kc7 38. Rxb3 e3 39. a5 $4 {[%mdl 8192]} (39. fxe3 $18 Re8 40. Rxf7+ Kc6 41. Rf6+ Kd5 42. Rxh6) 39... e2 $19 40. Rbb6 $2 (40. Ka2 $17 {is a better chance.} e1=Q 41. a6) 40... e1=Q+ 41. Ka2 Qe2 (41... Qd1 $142 42. Ka3 Qa1+ 43. Kb3 Qxa5 44. Rfc6+ Kd8 45. Rxh6 Re2) 42. a6 $2 (42. Rb4) 42... Re8 $4 {[%mdl 8192]} (42... Qc4+ $19 43. Ka3 Re5 44. Rfc6+ Qxc6 45. Rxc6+ Kxc6) 43. Rb7+ Kc8 44. Ra7 $4 {[%mdl 8192]} (44. Rc6+ {is the narrow road to win.} Kd8 45. a7 Qxb2+ 46. Kxb2 Re2+ 47. Kb3 $1 {[%mdl 512]} Rb2+ 48. Kxb2 Ke8 49. a8=Q#) 44... Kb8 $2 (44... Qc4+ 45. Ka3 Qc5+ {[%mdl 64] Double Attack} 46. Ka2 Qxa7) 45. Rb7+ (45. Raxf7 $142 Qxg4 46. Ka3) 45... Kc8 $4 {[%mdl 8192]} (45... Ka8 $19 46. Rxh6 Qxg4) 46. Rbxf7 $4 {[%mdl 8192] [#]} (46. Rc6+ {mates} Kd8 47. a7 Qxb2+ 48. Kxb2 Re2+ 49. Kb3 $1 {[%mdl 512]} Rb2+ 50. Kxb2 Ke8 51. a8=Q#) 46... Qb5 $2 ({Stronger than} 46... Qxg4 47. Ka3 $11) ({Better is} 46... Re5 $1 $19 {[%cal Re5a5] ( -> ...Ra5+)} 47. Rf8+ (47. Rc6+ $2 Kd8 $19) 47... Kc7 48. R8f7+ Kb8 49. Rf8+ Ka7 50. R8f7+ Re7 51. Rxe7+ Qxe7) 47. Rb7 $2 {[%mdl 8192]} (47. Ka3 $11) 47... Qa4+ {[%mdl 64] Double Attack} 48. Kb1 Re1# {Accuracy: White = 27%, Black = 24%.} 0-1

[Event "Stay Safe Play From Home 299"]
[Site "Emanuel Lasker Arena"]
[Date "2020.07.13"]
[Round "7"]
[White "Sfantul321"]
[Black "Lamborghini"]
[Result "0-1"]
[WhiteElo "1979"]
[BlackElo "2138"]
[Annotator "NA RC"]
[PlyCount "114"]
[EventDate "2020.07.13"]
[EventType "swiss (blitz)"]

1. c4 {[%emt 0:00:01]} g6 {[%emt 0:00:01]} 2. Nc3 {[%emt 0:00:00]} Bg7 {[%emt 0:00:01]} 3. g3 {[%emt 0:00:00]} Nf6 {[%emt 0:00:02]} 4. Bg2 {[%emt 0:00:00]} O-O {[%emt 0:00:00]} 5. e3 {[%emt 0:00:00]} d6 {[%emt 0:00:01]} 6. Nge2 {[%emt 0:00:00]} e5 {[%emt 0:00:01]} 7. O-O {[%emt 0:00:00]} Nc6 {[%emt 0:00:01]} 8. h3 {[%emt 0:00:01]} Re8 {[%emt 0:00:01]} 9. d3 {[%emt 0:00:01]} Be6 {[%emt 0:00:01]} 10. Nd5 {[%emt 0:00:01]} Bxd5 {[%emt 0:00:01]} 11. cxd5 {[%emt 0:00:01]} Ne7 {[%emt 0:00:00]} 12. Nc3 {[%emt 0:00:01]} Qd7 {[%emt 0:00:02]} 13. Kh2 {[%emt 0:00:01]} c6 {[%emt 0:00:01]} 14. dxc6 {[%emt 0:00:02]} bxc6 {[%emt 0:00:00]} 15. e4 {[%emt 0:00:00]} d5 {[%emt 0:00:02]} 16. exd5 {[%emt 0:00:01]} cxd5 {[%emt 0:00:01]} 17. d4 {[%emt 0:00:00]} e4 {[%emt 0:00:01]} 18. Bg5 {[%emt 0:00:01]} Nf5 {[%emt 0:00:02]} 19. Qd2 {[%emt 0:00:01]} h5 {[%emt 0:00:01]} 20. Rfe1 {[%emt 0:00:02]} Rab8 {[%emt 0:00:01]} 21. Rab1 {[%emt 0:00:01]} Nh7 {[%emt 0:00:04]} 22. Bf4 {[%emt 0:00:01]} Nxd4 {[%emt 0:00:01]} 23. Bxb8 {[%emt 0:00:02]} Rxb8 {[%emt 0:00:00]} 24. Ne2 {[%emt 0:00:03]} Nf5 {[%emt 0:00:02]} 25. Nf4 {[%emt 0:00:01]} d4 {[%emt 0:00:01]} 26. Bxe4 {[%emt 0:00:02]} Nd6 {[%emt 0:00:02]} 27. Bg2 {[%emt 0:00:01]} h4 {[%emt 0:00:00]} 28. Ne2 {[%emt 0:00:03]} hxg3+ {[%emt 0:00:01]} 29. fxg3 {[%emt 0:00:01]} Nf5 {[%emt 0:00:01]} 30. g4 {[%emt 0:00:01]} Ne3 {[%emt 0:00:01]} 31. Nxd4 {[%emt 0:00:01]} Bxd4 {[%emt 0:00:03]} 32. Rxe3 {[%emt 0:00:01]} Be5+ {[%emt 0:00:01]} 33. Kh1 {[%emt 0:00:03]} Qxd2 {[%emt 0:00:00]} 34. Rxe5 {[%emt 0:00:01]} Rxb2 {[%emt 0:00:01]} 35. Rxb2 {[%emt 0:00:01]} Qxb2 {[%emt 0:00:01]} 36. Re8+ {[%emt 0:00:00]} Kg7 {[%emt 0:00:01]} 37. a4 {[%emt 0:00:01]} Qc1+ {[%emt 0:00:01]} 38. Kh2 {[%emt 0:00:02]} Qc7+ {[%emt 0:00:00]} 39. Kh1 {[%emt 0:00:01]} Nf6 {[%emt 0:00:00]} 40. Ra8 {[%emt 0:00:02]} Qc1+ {[%emt 0:00:02]} 41. Kh2 {[%emt 0:00:01]} Qc7+ {[%emt 0:00:00]} 42. Kh1 {[%emt 0:00:01]} Nd7 {[%emt 0:00:00]} 43. h4 {[%emt 0:00:02]} Qc1+ {[%emt 0:00:01]} 44. Kh2 {[%emt 0:00:01]} Qc7+ {[%emt 0:00:00]} 45. Kh1 {[%emt 0:00:01]} Ne5 {[%emt 0:00:01]} 46. g5 {[%emt 0:00:01]} Qc1+ {[%emt 0:00:01]} 47. Kh2 {[%emt 0:00:01]} Qc7 {[%emt 0:00:00]} 48. Kg3 {[%emt 0:00:00]} Nd3+ {[%emt 0:00:01]} 49. Kf3 {[%emt 0:00:01]} Nc5 {[%emt 0:00:01]} 50. Ke3 {[%emt 0:00:01]} Qd6 {[%emt 0:00:01]} 51. Bf3 {[%emt 0:00:01]} Qd3+ {[%emt 0:00:01]} 52. Kf2 {[%emt 0:00:01]} Qd2+ {[%emt 0:00:00]} 53. Kg3 {[%emt 0:00:00]} Nd3 {[%emt 0:00:01]} 54. Rd8 {[%emt 0:00:02]} Qf4+ {[%emt 0:00:00]} 55. Kg2 {[%emt 0:00:01]} Ne5 {[%emt 0:00:01]} 56. Rd3 {[%emt 0:00:02]} Nxd3 {[%emt 0:00:01]} 57. Kf1 {[%emt 0:00:01]} Ne5 {[%emt 0:00:00] Time (Lag: Av=0.20s, max=0.6s)} 0-1

[Event "Stay Safe Play From Home 299"]
[Site "Emanuel Lasker Arena"]
[Date "2020.07.13"]
[Round "7"]
[White "Cirovicz"]
[Black "Weltszmerc"]
[Result "0-1"]
[WhiteElo "1958"]
[BlackElo "2156"]
[Annotator "TA"]
[PlyCount "92"]
[EventDate "2020.07.13"]
[EventType "swiss (blitz)"]

{[%evp 9,91,-99,-100,-116,-81,-105,-43,-176,-168,-165,-182,-185,-184,-227,-228,-236,-227,-230,-178,-186,-198,-251,-229,-204,-221,-294,-200,-206,-214,-318,-312,-458,-479,-1104,-1078,-1110,-1104,-1281,-1275,-1273,-1271,-1354,-1355,-1461,-1451,-1418,-1416,-1907,-1597,-1581,-1574,-1581,-1545,-6424,-5879,-29976,-29978,-29982,-29983,-29988,-29989,-29989,-29990,-29991,-29991,-29992,-29991,-29991,-29992,-29992,-29992,-29992,-29993,-29994,-29994,-29994,-29995,-29995,-29996,-29997,-29997,-29997,-29998,-29999]} 1. e4 Nf6 2. e5 Nd5 3. c4 Nb6 4. c5 d6 5. d4 dxc5 6. dxc5 {B02: Alekhine's Defence: Chase Variation and lines with early Nc3.} Qxd1+ 7. Kxd1 N6d7 {[#]} (7... Nd5 $17 8. Nc3 e6 9. Nxd5 exd5) 8. Be3 $146 {Now White is beyond hope.} ({Better is} 8. e6 $1 $15 Nxc5 9. exf7+ Kxf7 10. Be3) ({Predecessor:} 8. f4 Nxc5 9. Nc3 e6 10. Be3 Nc6 11. Bb5 Bd7 12. Nf3 O-O-O 13. Ke2 Nb4 14. Rhd1 Bxb5+ 15. Nxb5 {½-½ (33) Prenosil,J (1239)-Krizek,V (1459) Novy Bor 2014}) 8... Nxe5 $19 9. Nc3 Nbc6 10. Bb5 a6 11. Ba4 Bg4+ 12. f3 O-O-O+ 13. Ke2 Bf5 14. Rd1 Rxd1 15. Kxd1 (15. Nxd1 $142 g5 16. Nh3) 15... e6 16. g4 Bg6 17. h4 h6 18. h5 Bh7 19. Nge2 (19. Bxc6 $142 bxc6 20. Bd4) 19... Be7 ({Much less strong is} 19... Nxf3 20. Bxc6 bxc6 21. Rf1 $19) 20. f4 (20. Bxc6 $142 bxc6 21. Nd4) 20... Nxg4 21. Bd4 (21. Bg1 $142 Nb4 22. Nc1) 21... Nxd4 22. Nxd4 Nf2+ {[%mdl 64] [#] Double Attack} 23. Ke2 Nxh1 24. c6 b5 25. Bb3 Bc5 26. Nxe6 fxe6 27. Bxe6+ Kb8 28. a3 Ng3+ 29. Kf3 Nxh5 30. Nd5 Nf6 31. b4 Nxd5 32. bxc5 Ne7 {Black mates.} 33. Bd7 Bf5 34. Bxf5 Nxf5 35. Ke4 g6 36. a4 b4 37. a5 Rf8 38. Kd3 h5 39. Kc4 h4 40. Kxb4 h3 41. Kc3 Rd8 42. Kc4 h2 43. Kc3 h1=Q 44. Kc2 Qd1+ 45. Kc3 Rd3+ 46. Kb4 Qb3# {Accuracy: White = 31%, Black = 75%.} 0-1

[Event "Stay Safe Play From Home 299"]
[Site "Emanuel Lasker Arena"]
[Date "2020.07.13"]
[Round "7"]
[White "Klasman"]
[Black "Trotsky"]
[Result "1-0"]
[WhiteElo "1310"]
[BlackElo "1602"]
[Annotator "NA RC"]
[PlyCount "47"]
[EventDate "2020.07.13"]
[EventType "swiss (blitz)"]

1. f4 {[%emt 0:00:01]} d5 {[%emt 0:00:01]} 2. Nf3 {[%emt 0:00:01]} e6 {[%emt 0:00:00]} 3. e3 {[%emt 0:00:01]} c5 {[%emt 0:00:01]} 4. c4 {[%emt 0:00:01]} Nc6 {[%emt 0:00:01]} 5. cxd5 {[%emt 0:00:01]} exd5 {[%emt 0:00:01]} 6. Nc3 {[%emt 0:00:01]} Be6 {[%emt 0:00:01]} 7. Bb5 {[%emt 0:00:02]} Nf6 {[%emt 0:00:01]} 8. Ne5 {[%emt 0:00:01]} Qc7 {[%emt 0:00:01]} 9. Bxc6+ {[%emt 0:00:04]} bxc6 {[%emt 0:00:01]} 10. d4 {[%emt 0:00:01]} c4 {[%emt 0:00:01]} 11. O-O {[%emt 0:00:02]} Bd6 {[%emt 0:00:01]} 12. Qf3 {[%emt 0:00:03]} O-O-O {[%emt 0:00:01]} 13. b3 {[%emt 0:00:03]} h5 {[%emt 0:00:01]} 14. bxc4 {[%emt 0:00:02]} g5 {[%emt 0:00:02]} 15. cxd5 {[%emt 0:00:03]} cxd5 {[%emt 0:00:03]} 16. Bd2 {[%emt 0:00:02]} g4 {[%emt 0:00:03]} 17. Qe2 {[%emt 0:00:03]} h4 {[%emt 0:00:02]} 18. Rfc1 {[%emt 0:00:03]} g3 {[%emt 0:00:02]} 19. Nb5 {[%emt 0:00:03]} gxh2+ {[%emt 0:00:02]} 20. Kh1 {[%emt 0:00:02]} Qxc1+ {[%emt 0:00:06]} 21. Rxc1+ {[%emt 0:00:01]} Kb8 {[%emt 0:00:01]} 22. Nxd6 {[%emt 0:00:02]} Ne4 {[%emt 0:00:05]} 23. Qb5+ {[%emt 0:00:02]} Ka8 {[%emt 0:00:02]} 24. Qb7# {[%emt 0:00:01] (Lag: Av=0.30s, max=0.6s)} 1-0

[Event "Stay Safe Play From Home 299"]
[Site "Emanuel Lasker Arena"]
[Date "2020.07.13"]
[Round "8"]
[White "Mepe_Nika"]
[Black "SoulofWolf"]
[Result "1-0"]
[WhiteElo "2420"]
[BlackElo "2179"]
[Annotator "TA"]
[PlyCount "95"]
[EventDate "2020.07.13"]
[EventType "swiss (blitz)"]

{[%evp 10,95,36,39,51,49,85,64,87,45,56,37,94,39,39,51,125,-3,139,45,227,53,128,125,203,191,314,294,284,303,316,262,410,350,420,406,520,516,645,258,754,554,679,424,677,646,733,260,516,523,550,547,510,14,17,27,444,395,450,437,439,429,578,537,675,665,1734,903,906,870,833,829,693,-166,5235,5223,29988,-510,-493,-29982,29984,29985,29985,29985,29985,29986,29986,29987]} 1. d4 d5 2. Bf4 c6 3. e3 e6 4. c4 Nf6 5. Nc3 Nbd7 6. Nf3 h6 {D37: Queen's Gambit Declined: 5 Bf4.} 7. Qc2 {[#]} g5 $146 ({Predecessor:} 7... Be7 8. h3 a6 9. Rc1 Bb4 10. Bd3 Ba5 11. O-O Bc7 12. cxd5 cxd5 13. Bxc7 Qxc7 14. Nxd5 Qxc2 15. Nxf6+ Nxf6 16. Rxc2 {1-0 (27) Lesbros,B (1936)-Sesay,M Freetown 2020}) 8. Bg3 $1 Bg7 {White is slightly better.} 9. h4 g4 10. Ne5 h5 (10... Nh5 $14) 11. c5 ({White should try} 11. O-O-O $16) 11... O-O 12. Bd3 Re8 (12... Nxe5 $14 13. Bxe5 Nd7) 13. Qe2 (13. f4 $16) 13... Nf8 {[#]} (13... Nxe5 $11 14. Bxe5 Nd7) 14. Bc2 ({Better is} 14. f3 $1 $16) 14... b6 $2 (14... N6d7 $14) 15. b4 $2 (15. Nxc6 $18 Qd7 16. Ne5) 15... bxc5 (15... Bb7 $1 $14) 16. bxc5 $16 (16. Nxc6 Qb6 $15) 16... Bd7 (16... Bb7 $16) 17. f3 Ng6 (17... Re7 $142 18. Rb1 (18. fxg4 Nxg4 19. Nxg4 hxg4 $16) 18... gxf3 19. gxf3 Ne8) 18. Nxg6 $18 fxg6 19. Bxg6 Rf8 20. Bc2 Qe7 (20... e5 {was called for.}) 21. O-O Qf7 22. Be5 Qe7 23. Qd3 Bh8 24. e4 (24. fxg4 $142 Qh7 {[#]} 25. Rxf6 $1 {[%mdl 512]} Qxd3 26. Rxf8+ {[%mdl 64] Discovered Attack} (26. Bxd3 Bxf6 27. gxh5 Bxe5 $16) 26... Rxf8 27. Bxd3) 24... Rf7 $2 (24... gxf3 25. exd5 (25. gxf3 dxe4 26. Nxe4 Nxe4 $18) 25... fxg2) 25. exd5 cxd5 26. Ne2 Rg7 (26... gxf3 $142 27. gxf3 Ne8) 27. Nf4 Rf8 28. Bxf6 $2 (28. Bd6 Qe8 29. Bxf8 Kxf8 30. Rab1) 28... Qxf6 $2 (28... Rxf6 29. Nxh5 Rh6) 29. Nxh5 {[%mdl 64] Double Attack} Qh6 30. Nxg7 Qxg7 31. Qg6 $2 (31. Rad1 $18) 31... Qxg6 $11 32. Bxg6 {Black must now prevent Rfd1.} Kg7 $2 {[%mdl 8192]} (32... Bxd4+ $11 {and Black stays safe.} 33. Kh2 Bxa1 34. Rxa1 gxf3) 33. h5 $18 g3 34. Rab1 Kh6 35. Rfd1 a6 36. Rb7 Bb5 37. Re7 Rf6 38. Re1 Rf8 39. R1xe6 Bxd4+ 40. Kh1 Kg5 41. h6 $4 {[%mdl 8192]} (41. Rf7 $18 Rxf7 42. Bxf7) 41... Rh8 $4 {[%mdl 8192]} (41... Rf4 $19 42. Bf5 Bf6) 42. h7 Bf6 43. Rxf6 $4 {[%mdl 8192]} (43. Rf7 Kxg6 44. Rexf6+ Kh5 45. Rg7 Rxh7 46. Rxh7+ Kg5 47. Rhf7 Bf1 48. f4+ Kh5 49. Rh7+ Kg4 50. Rg7+ Kh5 51. Rg5+ {[%mdl 64] Double Attack} Kh4 52. Rh6#) 43... Kxf6 $19 44. Re8 (44. a4 $19 Kxe7 45. axb5 axb5 46. Kg1) 44... Rxe8 $4 {[%mdl 8192]} (44... Bxe8 {and life is good for Black.} 45. Bd3 Bb5 46. Bxb5 Rxh7+ 47. Kg1 axb5 48. Kf1 Ra7 49. a3 Rxa3 50. c6 Ra2 51. Ke1 b4 52. Kd1 Ke7 53. f4 Rxg2 54. c7 Kd7 55. Ke1 b3 56. Kf1 Rf2+ {[%mdl 64] Double Attack} 57. Ke1 b2 58. c8=R Kxc8 59. Kd1 b1=Q#) 45. Bxe8 {White mates.} Kg7 {[#]} 46. h8=Q+ $1 {[%mdl 64] Promotion} Kxh8 47. Bxb5 axb5 48. c6 {White used his chance. Accuracy: White = 41%, Black = 19%.} 1-0

[Event "Stay Safe Play From Home 299"]
[Site "Emanuel Lasker Arena"]
[Date "2020.07.13"]
[Round "8"]
[White "AChessPlayer"]
[Black "Lamborghini"]
[Result "1-0"]
[WhiteElo "2379"]
[BlackElo "2147"]
[Annotator "TA"]
[PlyCount "89"]
[EventDate "2020.07.13"]
[EventType "swiss (blitz)"]

{[%evp 9,89,11,20,7,34,33,44,23,34,48,64,51,66,58,65,14,53,32,84,0,106,-66,-46,-70,-71,-105,0,0,-4,0,62,-12,14,14,20,21,19,13,78,64,49,68,121,52,47,47,150,150,252,250,317,229,242,183,219,212,238,234,352,255,327,194,196,190,188,187,197,166,366,252,241,218,254,219,401,228,300,287,261,179,312,251]} 1. b3 e5 2. Bb2 Nc6 3. e3 d5 4. Bb5 Nge7 5. Nf3 f6 6. d4 {[%cal Rd4e5] [#] A01: Nimzowitsch-Larsen Opening.} exd4 $146 (6... e4 $5 {[%cal Re4f3]} 7. Nfd2 a6 $11) ({Predecessor:} 6... e4 7. Nfd2 a6 8. Be2 Be6 9. c4 f5 10. Nc3 Ng6 11. cxd5 Bxd5 12. Nxd5 Qxd5 {1-0 (49) Perez Bolanos,J (1954)-Gonzalez Sastron,P (1392) Gran Canaria 2019}) 7. Nxd4 a6 8. Bd3 {White is slightly better.} Ne5 9. Be2 g6 10. c4 Bg7 11. Nc3 dxc4 12. Bxc4 (12. bxc4 $14 O-O 13. c5) 12... b5 13. Be6 Bb7 ({Black should play} 13... f5 $14) 14. Bh3 (14. O-O $16) 14... O-O {[#]} (14... f5 $11 {keeps the balance.}) 15. Ne6 $2 (15. O-O $1 $16) 15... Nd3+ $15 {[%mdl 64] Double Attack} 16. Ke2 Nxb2 17. Qc2 Qd3+ (17... Qe8 $17 {Threatens to win with ...b4.} 18. Qxb2 f5 19. Nxg7 Qf7) 18. Qxd3 $11 Nxd3 19. Kxd3 Rf7 (19... f5 $11) 20. Nxg7 (20. Nc5 $1 $14 Bc8 21. Bxc8 Rxc8 22. Nxa6) 20... Rd8+ 21. Ke2 {Black must now prevent Ne6.} Kxg7 22. Rhd1 $36 {[%mdl 2048] White is more active.} Rxd1 23. Rxd1 {Be6 is the strong threat.} Nc6 (23... f5 $11) 24. Be6 Re7 25. Bd5 Na5 ({Black should try} 25... Nd8 $14) 26. Bxb7 (26. b4 $16 c6 27. bxa5 cxd5 28. Nxd5) 26... Nxb7 $16 {[%mdl 4096] Endgame KRN-KRN} 27. Nd5 Rf7 {[#] Black is on the road to losing.} (27... Rd7 $14) 28. Nb4 $1 c5 (28... a5 $16) 29. Nxa6 $18 c4 30. bxc4 bxc4 31. Nb4 Nc5 32. Rc1 Rb7 33. Rxc4 Ne6 (33... Nd7 $142 34. a3 f5) 34. g4 g5 35. f4 (35. a4 $142) 35... Ra7 36. Kf3 gxf4 37. exf4 Ra3+ 38. Ke4 Rh3 $2 (38... Ra5 {was called for.} 39. h4 h5) 39. Kf5 Kf7 40. Nd5 Ng7+ 41. Ke4 {Hoping for Rc7+.} Rxh2 $2 (41... Ne8) 42. Ra4 (42. Rc7+ $142 Kf8 43. Nxf6) 42... f5+ 43. gxf5 Re2+ 44. Ne3 Ne8 (44... Re1 {might work better.} 45. Ra7+ Kf8 46. Ra8+ Kf7) 45. Ra7+ {Accuracy: White = 51%, Black = 30%.} 1-0

[Event "Stay Safe Play From Home 299"]
[Site "Emanuel Lasker Arena"]
[Date "2020.07.13"]
[Round "8"]
[White "Weltszmerc"]
[Black "Greblha"]
[Result "1-0"]
[WhiteElo "2164"]
[BlackElo "1886"]
[Annotator "RC"]
[PlyCount "125"]
[EventDate "2020.07.13"]
[EventType "swiss (blitz)"]

1. d4 {[%emt 0:00:02]} c6 {[%emt 0:00:00]} 2. c4 {[%emt 0:00:00]} d5 {[%emt 0:00:00]} 3. Nf3 {[%emt 0:00:00]} Nf6 {[%emt 0:00:01]} 4. g3 {[%emt 0:00:00]} Bf5 {[%emt 0:00:01]} 5. Bg2 {[%emt 0:00:00]} e6 {[%emt 0:00:00]} 6. O-O {[%emt 0:00:00]} Be7 {[%emt 0:00:00]} 7. Qb3 {[%emt 0:00:01]} Qb6 {[%emt 0:00:02]} 8. c5 {[%emt 0:00:00]} Qxb3 {[%emt 0:00:02]} 9. axb3 {[%emt 0:00:00]} Ne4 {[%emt 0:00:01]} 10. b4 {[%emt 0:00:01]} a6 {[%emt 0:00:01]} 11. Nbd2 {[%emt 0:00:01]} Nxd2 {[%emt 0:00:01]} 12. Nxd2 {[%emt 0:00:01]} O-O {[%emt 0:00:01]} 13. Nb3 {[%emt 0:00:00]} Nd7 {[%emt 0:00:01]} 14. Na5 {[%emt 0:00:00]} Ra7 {[%emt 0:00:04]} 15. f4 {[%emt 0:00:03]} Nf6 {[%emt 0:00:03]} 16. e3 {[%emt 0:00:03]} Be4 {[%emt 0:00:01]} 17. Bh3 {[%emt 0:00:01]} Bd3 {[%emt 0:00:01]} 18. Rd1 {[%emt 0:00:01]} Be2 {[%emt 0:00:01]} 19. Rd2 {[%emt 0:00:01]} Bb5 {[%emt 0:00:00]} 20. b3 {[%emt 0:00:02]} Ne4 {[%emt 0:00:01]} 21. Rd1 {[%emt 0:00:02]} Nc3 {[%emt 0:00:01]} 22. Re1 {[%emt 0:00:01]} Ne2+ {[%emt 0:00:01]} 23. Kf2 {[%emt 0:00:01]} Nc3 {[%emt 0:00:01]} 24. Bb2 {[%emt 0:00:01]} Ne4+ {[%emt 0:00:01]} 25. Kg1 {[%emt 0:00:00]} f5 {[%emt 0:00:01]} 26. g4 {[%emt 0:00:02]} g6 {[%emt 0:00:01]} 27. g5 {[%emt 0:00:01]} Bd8 {[%emt 0:00:01]} 28. Bg2 {[%emt 0:00:01]} Bc7 {[%emt 0:00:02]} 29. Bf3 {[%emt 0:00:01]} Nd2 {[%emt 0:00:03]} 30. Be2 {[%emt 0:00:02]} Bxa5 {[%emt 0:00:03]} 31. bxa5 {[%emt 0:00:00]} Nxb3 {[%emt 0:00:02]} 32. Ra2 {[%emt 0:00:01]} Nd2 {[%emt 0:00:03]} 33. Kg2 {[%emt 0:00:04]} Ne4 {[%emt 0:00:01]} 34. Kf3 {[%emt 0:00:02]} Kg7 {[%emt 0:00:01]} 35. h4 {[%emt 0:00:01]} Rh8 {[%emt 0:00:01]} 36. h5 {[%emt 0:00:02]} gxh5 {[%emt 0:00:02]} 37. Bxb5 {[%emt 0:00:02]} axb5 {[%emt 0:00:01]} 38. Rh1 {[%emt 0:00:01]} Rha8 {[%emt 0:00:01]} 39. Rxh5 {[%emt 0:00:04]} Rxa5 {[%emt 0:00:02]} 40. Rxa5 {[%emt 0:00:00]} Rxa5 {[%emt 0:00:01]} 41. Rh2 {[%emt 0:00:02]} Ra2 {[%emt 0:00:00]} 42. Rg2 {[%emt 0:00:01]} Nc3 {[%emt 0:00:01]} 43. Bxc3 {[%emt 0:00:01]} Ra4 {[%emt 0:00:01]} 44. Rb2 {[%emt 0:00:01]} b4 {[%emt 0:00:00]} 45. Bxb4 {[%emt 0:00:01]} Ra3 {[%emt 0:00:00]} 46. Bxa3 {[%emt 0:00:01]} Kg6 {[%emt 0:00:00]} 47. Rxb7 {[%emt 0:00:00]} h5 {[%emt 0:00:00]} 48. Re7 {[%emt 0:00:00]} h4 {[%emt 0:00:01]} 49. Rxe6+ {[%emt 0:00:00]} Kf7 {[%emt 0:00:00]} 50. Rf6+ {[%emt 0:00:00]} Kg7 {[%emt 0:00:00]} 51. Kg2 {[%emt 0:00:00]} h3+ {[%emt 0:00:00]} 52. Kxh3 {[%emt 0:00:00]} Kg8 {[%emt 0:00:00]} 53. Kh4 {[%emt 0:00:00]} Kg7 {[%emt 0:00:00]} 54. Rxf5 {[%emt 0:00:00]} Kg8 {[%emt 0:00:00]} 55. Rf6 {[%emt 0:00:00]} Kg7 {[%emt 0:00:00]} 56. Rxc6 {[%emt 0:00:00]} Kg8 {[%emt 0:00:00]} 57. Rd6 {[%emt 0:00:00]} Kf7 {[%emt 0:00:00]} 58. f5 {[%emt 0:00:00]} Ke7 {[%emt 0:00:01]} 59. g6 {[%emt 0:00:00]} Ke8 {[%emt 0:00:00]} 60. Kg5 {[%emt 0:00:00]} Ke7 {[%emt 0:00:00]} 61. f6+ {[%emt 0:00:00]} Ke8 {[%emt 0:00:00]} 62. Bb4 {[%emt 0:00:03]} Kf8 {[%emt 0:00:01]} 63. Rd8# {[%emt 0:00:00] (Lag: Av=0.64s, max=1.0s)} 1-0